000 00450nam a2200181Ia 4500
001 18769
005 20260306171655.0
008 260306s9999||||xx |||||||||||||| ||und||
041 _aESP
082 _a658.5
_bE76 2008
100 _aEscalante Vásquez, Edgardo J.
_eAUT
245 0 _aSeis-Sigma:
_bmetodología y técnicas
260 _c2008
300 _a436 páginas :
_c23 cm.
650 _aGEN
654 _aCAN
942 _cLIB
_dJUS
_fJUS
_2ddc
_n
999 _c18769
_d18769